Načítá se...

मिडीया जनतन्त्र और आतंकवाद

Podrobná bibliografie
Hlavní autor: सुधीश पचौरी
Další autoři: Pachauri, Sudhish
Médium: Printed Book
Vydáno: New Delhi: Radhakrishna, 2005
Témata:
LEADER 00619nam a22001577a 4500
020 |a 8171198228 
082 |a 070.449  |b PAC/M 
100 |a सुधीश पचौरी  
245 |a मिडीया जनतन्त्र और आतंकवाद  
260 |a New Delhi:  |b Radhakrishna,  |c 2005 
300 |a 216p. 
650 |a Media jantantra aur atankavad  |a Media journalism and terrorism  |a Hindi literature 
700 |a Pachauri, Sudhish 
942 |c BK 
999 |c 38461  |d 38461 
952 |0 0  |1 0  |4 0  |6 070_449000000000000_PACM  |7 0  |8 Stack  |9 40732  |a KUCL  |b KUCL  |c H  |d 2016-02-17  |l 0  |o 070.449 PAC/M  |p 39206  |r 2016-02-17  |w 2016-02-17  |y BK